000 00476nam a22001817a 4500
003 MPLRDC
005 20220104124253.0
008 210129b ||||| |||| 00| 0 eng d
020 _a7-5017-1321-9
082 _a783.18 JSD c.2
100 _a中川靖造
245 _a创业. 挑战. 成功: 井深大传
_c刘金才 等译
250 _a一版二刷
260 _a
_b中国经济出版社
_c1992
300 _b
650 _a日本传记
942 _cBK
_o783.18 JSD c.2
999 _c17987
_d17977